000 00240nam a2200097Ia 4500
005 20251222114417.0
008 251222s1900||||xx |||||||||||||| ||spa||
082 _aDVD0010/O32/2011
245 0 _aWarrior:La Ășltima pelea en MĂ©xico
942 _cDVD
999 _c2257
_d2257